La llengua catalana / (Record no. 176504)

MARC details
000 -LEADER
campo de control de longitud fija 00704nam a22002175i 4500
001 - NÚMERO DE CONTROL
campo de control 176504
003 - IDENTIFICADOR DE NÚMERO DE CONTROL
campo de control ES-MaACL
005 - FECHA Y HORA DE LA ÚLTIMA TRANSACCIÓN
campo de control 20230906220113.0
008 - DATOS DE LONGITUD FIJA--INFORMACIÓN GENERAL
campo de control de longitud fija 110119s1963 sp a |||| | cat d
080 ## - NÚMERO DE LA CLASIFICACIÓN DECIMAL UNIVERSAL
Número de la Clasificación Decimal Universal 811.134.1
245 03 - MENCIÓN DEL TÍTULO
Título La llengua catalana /
Mención de responsabilidad, etc. Triadú ... [et al.].
260 ## - PUBLICACIÓN, DISTRIBUCIÓN, ETC.
Lugar de publicación, distribución, etc. Sarrià (Barcelona) :
Nombre del editor, distribuidor, etc. Editorial Franciscana,
Fecha de publicación, distribución, etc. 1963.
300 ## - DESCRIPCIÓN FÍSICA
Extensión 152 p. :
Otras características físicas il. bl. y n. ;
Dimensiones 18 cm.
490 1# - MENCIÓN DE SERIE
Mención de serie Critèrion. Col·lecció Ideològica ;
Designación de volumen o secuencia 17
546 ## - NOTA DE IDIOMA
Nota de lengua/lenguaje Texto en catalán.
650 04 - PUNTO DE ACCESO ADICIONAL DE MATERIA--TÉRMINO DE MATERIA
Término de materia o nombre geográfico como elemento de entrada Lengua catalana.
9 (RLIN) 14096
700 0# - ENTRADA AGREGADA--NOMBRE PERSONAL
Nombre de persona Triadú, Joan.
9 (RLIN) 111362
830 0# - PUNTO DE ACCESO ADICIONAL DE SERIE-TÍTULO UNIFORME
Título uniforme Critèrion. Col·lecció Ideològica ;
Designación de volumen o secuencia 17
9 (RLIN) 190094
852 ## - LOCALIZACIÓN
Ubicación ES-MaACL
Número de control de estantería E-14106
Encuadernación Olim P-735
Holdings
Estatus retirado Estado de pérdida Estado de daño No para préstamo Biblioteca de origen Biblioteca actual Ubicación en estantería Fecha de adquisición Fuente de adquisición Total de préstamos Signatura topográfica completa Código de barras Visto por última vez Precio de reemplazo Tipo de ítem Koha
        Biblioteca del Ateneo de Madrid Biblioteca del Ateneo de Madrid Depósito 2 19/01/2011     E-14106 1185365 23/02/2023 23/02/2023 Libro impreso